Sports Quiz

Random Sports Quiz

IWGP Junior Heavyweight Tag Team Champions Quiz Stats

 Plays Quiz not verified by Sporcle

Challenge
Share
Tweet
Embed
Score 0/114 Timer 10:00
0 Plays Today
Date Champions % Correct
June 11, 2017Matt Jackson
100%
June 11, 2017Nick Jackson
100%
January 4, 2018Matt Jackson
100%
January 4, 2018Nick Jackson
100%
January 28, 2018Yoh
100%
June 19, 2016Matt Jackson
99.5%
June 19, 2016Nick Jackson
99.5%
November 9, 2013Matt Jackson
99.2%
November 9, 2013Nick Jackson
99.2%
February 11, 2015Matt Jackson
99.2%
February 11, 2015Nick Jackson
99.2%
May 3, 2015Matt Jackson
99.2%
May 3, 2015Nick Jackson
99.2%
January 4, 2016Matt Jackson
99.2%
January 4, 2016Nick Jackson
99.2%
January 28, 2018Sho
98.7%
October 9, 2017Sho
98.4%
April 10, 1999Jushin Thunder Liger
96.3%
March 6, 2001Jushin Thunder Liger
96.3%
May 2, 2002Jushin Thunder Liger
96.3%
January 26, 2003Jushin Thunder Liger
96.3%
February 17, 2008Jushin Thunder Liger
96.3%
June 16, 2012Jushin Thunder Liger
96.3%
April 5, 2015Rocky Romero
95.5%
April 10, 2016Rocky Romero
95.5%
January 4, 2017Rocky Romero
95.3%
July 22, 2012Rocky Romero
94.6%
May 3, 2013Rocky Romero
94.6%
January 4, 2017Beretta
94.6%
October 9, 2017Yoh
94.6%
April 27, 2017Rocky Romero
94.1%
October 10, 2011Rocky Romero
94%
February 12, 2012Rocky Romero
94%
April 5, 2015Beretta
93.8%
April 10, 2016Beretta
93.8%
April 27, 2017Beretta
93.2%
November 11, 2012KUSHIDA
93%
June 21, 2014KUSHIDA
93%
Date Champions % Correct
August 13, 2017Ryusuke Taguchi
92.5%
January 27, 2008Prince Devitt
92.2%
July 21, 2008Prince Devitt
92.2%
March 6, 2018Yoshinobu Kanemaru
92%
July 5, 2009Prince Devitt
91.3%
July 19, 2010Prince Devitt
91.3%
January 23, 2011Prince Devitt
91.3%
January 4, 2012Prince Devitt
91.3%
July 5, 2009Ryusuke Taguchi
90.9%
July 19, 2010Ryusuke Taguchi
90.9%
January 23, 2011Ryusuke Taguchi
90.9%
January 4, 2012Ryusuke Taguchi
90.9%
March 6, 2018El Desperado
90%
February 19, 2006Ryusuke Taguchi
89.7%
February 11, 2016Ricochet
89.7%
May 3, 2016Ricochet
89.6%
November 11, 2012Alex Shelley
89.1%
June 21, 2014Alex Shelley
89.1%
January 4, 2009Alex Shelley
88.7%
May 3, 2016Matt Sydal
88.5%
February 11, 2016Matt Sydal
88.2%
June 16, 2012Tiger Mask
87.6%
October 11, 2010Kota Ibushi
87.4%
March 6, 2017Taichi
87.1%
August 13, 2017Ricochet
87.1%
January 4, 2009Chris Sabin
85.8%
November 8, 2014Bobby Fish
85.6%
August 16, 2015Bobby Fish
85.6%
November 8, 2014Kyle O'Reilly
85.4%
August 16, 2015Kyle O'Reilly
85.4%
October 11, 2010Kenny Omega
84.5%
March 6, 2017Yoshinobu Kanemaru
83.3%
July 20, 2001Gedo
83.3%
November 29, 2003Gedo
83.3%
June 5, 2004Gedo
83.3%
July 8, 2006Gedo
83.3%
October 14, 2013TAKA Michinoku
82.9%
July 22, 2012Alex Koslov
82.7%
Date Champions % Correct
May 3, 2013Alex Koslov
82.7%
July 20, 2001Jado
81.9%
November 29, 2003Jado
81.9%
June 5, 2004Jado
81.9%
July 8, 2006Jado
81.9%
May 2, 2007TAKA Michinoku
81.6%
October 14, 2013Taichi
80.6%
October 13, 2008Yujiro
79.8%
October 13, 2008Tetsuya Naito
79.4%
March 12, 2004American Dragon
79%
March 12, 2004Curry Man
76.7%
October 10, 2011Davey Richards
76.5%
February 12, 2012Davey Richards
76.5%
June 25, 2000Koji Kanemoto
74.8%
January 26, 2003Koji Kanemoto
74.8%
March 4, 2005Koji Kanemoto
74.8%
May 8, 2010Koji Kanemoto
74.8%
January 27, 2008Minoru
74.4%
July 21, 2008Minoru
74.4%
June 25, 2000Minoru Tanaka
73.2%
May 2, 2002Minoru Tanaka
73.2%
May 14, 2005Minoru
73.2%
August 8, 1998Shinjiro Otani
71.3%
July 13, 1999Shinjiro Otani
71.3%
August 29, 2002Yoshinobu Kanemaru
68.7%
April 10, 1999Great Sasuke
68.5%
May 14, 2005Hirooki Goto
67.6%
March 6, 2001El Samurai
67%
February 19, 2006El Samurai
67%
May 8, 2010El Samurai
67%
January 4, 1999Dr. Wagner, Jr.
66.8%
May 2, 2007Dick Togo
66.2%
August 8, 1998Tatsuhito Takaiwa
62.5%
July 13, 1999Tatsuhito Takaiwa
62.5%
January 4, 1999Kendo Kashin
62.3%
March 4, 2005Wataru Inoue
60.4%
February 17, 2008Akira
60.2%
August 29, 2002Tsuyoshi Kikuchi
56.7%

You're not logged in!

Compare scores with friends on all Sporcle quizzes.
Join for Free
OR
Log In

You Might Also Like...

Show Comments

Extras

Top Quizzes Today


Score Distribution

Your Account Isn't Verified!

In order to create a playlist on Sporcle, you need to verify the email address you used during registration. Go to your Sporcle Settings to finish the process.

Report this User

Report this user for behavior that violates our Community Guidelines.

Details: